000
00342nam a2200133Ia 4500
008
240624s9999 xx 000 0 und d
041
_a
eng
082
_a
658.4012 GRA
100
_a
GRANT ROBERT M
245
_a
CONTEMPORARY STRATEGY ANALYSIS
250
_a
(7th ed.)
260
_c
2014
_a
New Delhi
_b
Wiley
300
_a
xv, : 499 : p. : cm. ; 23
999
_c
24108
_d
24108